Literature A to Z - Statistics

General Stats
  • This quiz has been taken 112 times
  • The average score is 9 of 26
Answer Stats
Hint Answer % Correct
Last name of the author of Pride and Prejudice Austen
99%
Language used for Tolstoy's War and Peace Russian
81%
Spider in an E.B. White novel Charlotte
77%
Shakespeare play: A ____ Night Dream Midsummer's
74%
Nabokov novel titled for a child Lolita
73%
Bram Stoker's Dracula is one of these vampire
72%
In a Yann Martel novel, Pi is stuck with one of these animals tiger
62%
It is lost and then regained in epics by Milton Paradise
61%
Place where Kubla Khan did / A stately pleasure-dome decree Xanadu
47%
Asian country where George Orwell set many essays Burma
41%
Karen Blixen account of her time in Kenya Out of Africa
34%
Subject of a Keats ode nightingale
32%
Word which precedes "of Magical Thinking" in a Joan Didion title year
29%
Last name of the author of Klara and the Sun, and The Remains of the Day Ishiguro
24%
Last name of the Swedish playwright of Miss Julie Strindberg
10%
Malcolm Lowry novel set in Mexico Under the Volcano
9%
Chinese classic: _____ of the Red Chamber dream
7%
Latin author of many odes Horace
7%
"Shining Prince" who titles a Lady Murasaki novel Genji
5%
Last name of the French author of Zazie dans le Métro Queneau
5%
Dystopian novel by Yevgeny Zamyatin which inspired Brave New World We
5%
Last name of the Austrian author of The Royal Game Zweig
5%
In a Kalidasa play, Shakuntala's ring is recovered from one of these fish
3%
First name of Antiguan author of Girl and Lucy Jamaica
3%
Last name of the above Kincaid
3%
Sumerian priestess who was the first author in world history Enheduanna
2%
No matching quizzes found
Score Distribution
Percent of People with Each Score
Percentile by Number Answered
Your Score History
You have not taken this quiz